Fundamentals of Electronic Circuit Design (Record no. 2123)

MARC details
005 - DATE AND TIME OF LATEST TRANSACTION
control field 20250620165733.0
020 ## - INTERNATIONAL STANDARD BOOK NUMBER
International Standard Book Number 0-471-41016-0
082 ## - DEWEY DECIMAL CLASSIFICATION NUMBER
Classification number LM 621.3 COM,
100 ## - MAIN ENTRY--PERSONAL NAME
Author name COMER, D.
245 ## - TITLE STATEMENT
Title Fundamentals of Electronic Circuit Design
260 ## - PUBLICATION, DISTRIBUTION, ETC.
Place of publication, distribution, etc. Hoboken,
Name of publisher, distributor, etc. John Wiley & Sons, Inc,
Date of publication, distribution, etc. 2003.
300 ## - PHYSICAL DESCRIPTION
Extent xvii, 480p.; ill.: figure.
Other physical details Index.
Dimensions 26cm.
856 ## - ELECTRONIC LOCATION AND ACCESS
Link text COMER, D.
942 ## - ADDED ENTRY ELEMENTS (KOHA)
Source of classification or shelving scheme Dewey Decimal Classification
Koha item type Books
Holdings
Date last seen Total checkouts Full call number Barcode Cost, replacement price Price effective from Koha item type Lost status Source of classification or shelving scheme Damaged status Not for loan Withdrawn status Home library Current library Shelving location Date acquired Cost, normal purchase price
05/07/2025   LM 621.3 COM 0000008163 135000.00 05/07/2025 Books   Dewey Decimal Classification       College of Business Education Main Library College of Business Education Main Library General Collection 05/28/2010 45000.00
05/07/2025   LM 621.3 COM 0000008164 135000.00 05/07/2025 Books   Dewey Decimal Classification       College of Business Education Main Library College of Business Education Main Library General Collection 05/28/2010 45000.00
05/07/2025   LM 621.3 COM 0000008165 135000.00 05/07/2025 Books   Dewey Decimal Classification       College of Business Education Main Library College of Business Education Main Library General Collection 05/28/2010 45000.00
05/07/2025   LM 621.3 COM 0000008166 135000.00 05/07/2025 Books   Dewey Decimal Classification       College of Business Education Main Library College of Business Education Main Library General Collection 05/28/2010 45000.00
05/07/2025   LM 621.3 COM 0000008167 135000.00 05/07/2025 Books   Dewey Decimal Classification       College of Business Education Main Library College of Business Education Main Library General Collection 05/28/2010 45000.00